[Event "Invitation"]
[Site "http://www.queenalice.com/game.php?id=865660"]
[Date "2010.11.30"]
[Round "-"]
[White "sephiras"]
[Black "Talia"]
[Result "0-1"]
[WhiteElo "1383"]
[BlackElo "1392"]

1. e4 e5 2. Nf3 Bd6 3. c3 Nf6 4. d4 Nxe4 5. dxe5 Be7 6. Qd4 d5 7. c4 Nc6 8. Qxd5
Ng5 9. Qxd8+ Bxd8 10. Nxg5 Nxe5 11. Bf4 Ng6 12. g3 Nxf4 13. gxf4 Bf6 14. Nc3 O-O
15. Bd3 Re8+ 16. Ne2 Bxb2 17. Bxh7+ Kh8 18. Rd1 f6 19. Bg6 fxg5 20. Bxe8 Bh3 21.
Bg6 gxf4 22. Nxf4 Bc3+ 23. Ke2 Re8+ 0-1

[Event "Challenge"]
[Site "http://www.queenalice.com/game.php?id=866786"]
[Date "2010.12.2"]
[Round "-"]
[White "tucuman"]
[Black "Talia"]
[Result "1-0"]
[WhiteElo "1683"]
[BlackElo "1500"]

1. e4 e5 2. c4 Nf6 3. d3 c6 4. h3 d5 5. Bg5 Be7 6. Bxf6 Bxf6 7. cxd5 cxd5 8. Nc3
Qa5 9. Qd2 d4 10. Nb1 Qxd2+ 11. Nxd2 1-0

[Event "Challenge"]
[Site "http://www.queenalice.com/game.php?id=867318"]
[Date "2010.12.3"]
[Round "-"]
[White "Pinehill"]
[Black "Talia"]
[Result "1-0"]
[WhiteElo "1937"]
[BlackElo "1522"]

1. e4 e5 2. Nf3 Nc6 3. d4 Nf6 4. Nc3 Bb4 5. a3 Bxc3+ 6. bxc3 Nxe4 7. Qd3 d5 8.
dxe5 Bf5 9. Qe3 O-O 10. Nd4 Nxd4 11. cxd4 Re8 12. Bd3 Qh4 13. O-O Re6 14. f3 Rg6
15. fxe4 Bxe4 16. Bxe4 Qxe4 17. Qxe4 dxe4 18. Rf4 Rd8 19. c3 h5 20. Rxe4 h4 21.
Rxh4 Rh6 22. Bxh6 gxh6 23. Rxh6 Kg7 24. Rf6 1-0

[Event "Challenge"]
[Site "http://www.queenalice.com/game.php?id=867637"]
[Date "2010.12.4"]
[Round "-"]
[White "Flamengo140575"]
[Black "Talia"]
[Result "1-0"]
[WhiteElo "1845"]
[BlackElo "1309"]

1. e4 e5 2. Nf3 Nc6 3. Bb5 Bc5 4. O-O Nf6 5. Nc3 O-O 6. h3 d5 7. Bxc6 bxc6 8.
exd5 cxd5 9. Nxe5 Re8 10. d4 Bf8 11. Bg5 Bd6 12. Nc6 Qd7 13. Bxf6 gxf6 14. Na5
Qf5 15. Qg4+ Qxg4 16. hxg4 Bxg4 17. Nxd5 Re6 18. Rfe1 Kg7 19. Rxe6 fxe6 20. Ne3
Bh5 21. f3 c5 22. d5 Bf4 23. Kf2 exd5 24. Nxd5 Be5 25. Nc4 Bd4+ 26. Kg3 Bf7 27.
Ne7 Bxc4 28. Nf5+ Kf7 29. Nd6+ Ke6 30. Nxc4 h5 31. c3 Be5+ 32. Nxe5 Kxe5 33.
Re1+ Kf5 34. Kh4 Rh8 35. Re7 a5 36. Rc7 Rg8 37. Rxc5+ 1-0

[Event "DESASTRES AEREOS VII"]
[Site "http://www.queenalice.com/game.php?id=874012"]
[Date "2010.12.19"]
[Round "-"]
[White "rogeriooliveira"]
[Black "Talia"]
[Result "1-0"]
[WhiteElo "1362"]
[BlackElo "1257"]

1. e4 e5 2. d4 exd4 3. Qxd4 Nc6 4. Qd5 Nb4 5. Qd2 Qh4 6. c3 Qxe4+ 7. Qe2 Nc2+ 8.
Kd1 Qxe2+ 9. Bxe2 Nxa1 10. Na3 b6 11. Nf3 Nf6 12. Kd2 Ne4+ 13. Ke3 Nf6 14. Bd2
Ng4+ 15. Kf4 Nxf2 16. Rxa1 Bd6+ 17. Ke3 Ng4+ 18. Kd3 Ba6+ 19. Kc2 Bxe2 20. Re1
O-O 21. h3 Bxf3 22. gxf3 Ne5 23. f4 Nf3 24. Re2 Bc5 25. Rf2 Bxf2 26. Kd3 1-0

[Event "Challenge"]
[Site "http://www.queenalice.com/game.php?id=878024"]
[Date "2010.12.28"]
[Round "-"]
[White "Clemente"]
[Black "Talia"]
[Result "1-0"]
[WhiteElo "1450"]
[BlackElo "1309"]

1. g3 Nf6 2. Bg2 g6 3. d4 Nc6 4. Bf4 Nxd4 5. Qxd4 Bg7 6. h4 O-O 7. Be5 d6 8. Bf4
e5 9. Bxe5 dxe5 10. Qxe5 Bf5 11. Nc3 Re8 12. Qb5 Bxc2 13. Rc1 Bf5 14. h5 Bh6 15.
Rd1 Qe7 16. hxg6 fxg6 17. Rxh6 Rad8 18. Bxb7 Bc2 19. Nd5 Qe5 20. Rd2 Bb1 21.
Nxf6+ Qxf6 22. Rxd8 Rxd8 23. Bd5+ Kg7 24. Rh4 Qb6 25. Qc4 Rd7 26. Bg8 Qa5+ 27.
b4 Qg5 28. Rxh7+ 1-0

[Event "Challenge"]
[Site "http://www.queenalice.com/game.php?id=880284"]
[Date "2011.1.3"]
[Round "-"]
[White "Petrucio"]
[Black "Talia"]
[Result "1-0"]
[WhiteElo "1407"]
[BlackElo "1339"]

1. d4 c5 2. dxc5 e6 3. Qd4 Nc6 4. Qc4 Ne5 5. Qe4 d6 6. c6 Nxc6 7. Nf3 d5 8. Qf4
Na5 9. Qa4+ Bd7 10. Qf4 Qb6 11. Be3 Qxb2 12. Bd4 Qxc2 13. Nbd2 Nc4 14. e4 Nxd2
15. Nxd2 Bb4 16. Be3 Qb2 17. Rb1 Qxb1+ 18. Ke2 Bb5+ 19. Kf3 dxe4+ 20. Qxe4 Qxe4+
21. Nxe4 Bc6 22. Kf4 Nf6 23. Ng5 1-0

[Event "Challenge"]
[Site "http://www.queenalice.com/game.php?id=883289"]
[Date "2011.1.8"]
[Round "-"]
[White "chyco"]
[Black "Talia"]
[Result "1-0"]
[WhiteElo "1661"]
[BlackElo "1309"]

1. e4 e5 2. Qf3 Nc6 3. Bc4 Nf6 4. Qc3 Nxe4 5. Qe3 Nd6 6. Bd5 Qe7 7. Nh3 b5 8.
Nc3 a6 9. Ne4 Nxe4 10. Qxe4 Bb7 11. Qe3 O-O-O 12. Ng5 Na5 13. Nxf7 Bxd5 14. Nxh8
Bxg2 15. Rg1 Bd5 16. Qa7 Qc5 17. Qxa6+ Bb7 18. Qxa5 Qxc2 19. Qxb5 e4 20. Nf7 Re8
21. Ne5 h5 22. Qxd7+ Kb8 23. Qxe8+ Ka7 24. Qxf8 Qc5 25. Qxc5+ Kb8 26. Rxg7 1-0

[Event "Challenge"]
[Site "http://www.queenalice.com/game.php?id=883292"]
[Date "2011.1.8"]
[Round "-"]
[White "Talia"]
[Black "chyco"]
[Result "0-1"]
[WhiteElo "1305"]
[BlackElo "1663"]

1. d4 d5 2. Nf3 e6 3. Qd3 Nc6 4. g3 Qd7 5. Ne5 Nxe5 6. dxe5 Ne7 7. Nc3 Nc6 8.
Bg2 Nxe5 9. Qd4 Qd6 10. Bf4 f6 11. Nb5 Qc6 12. a4 Bc5 13. Qc3 a5 14. Rd1 Bb4 15.
Qxb4 axb4 16. Nd4 Qc4 17. Nxe6 Bxe6 18. O-O Ng4 19. Bh3 Qxc2 20. Bxg4 Bxg4 21.
Rde1 Bh3 22. Rc1 Qxb2 23. Rxc7 Qxe2 24. Rcc1 Qf3 25. Rfe1+ Kf7 26. Rc7+ Kg6 27.
Rxb7 Qg2# 0-1

[Event "Challenge"]
[Site "http://www.queenalice.com/game.php?id=883633"]
[Date "2011.1.9"]
[Round "-"]
[White "ulisses67"]
[Black "Talia"]
[Result "1-0"]
[WhiteElo "1236"]
[BlackElo "1278"]

1. c4 c5 2. Nc3 g5 3. d4 b6 4. dxc5 bxc5 5. Ne4 Na6 6. Nxg5 Nb4 7. Nxf7 Kxf7 8.
e4 Qa5 9. Qf3+ Ke8 10. Bd2 Nc2+ 11. Kd1 Nb4 12. Qh5+ Kd8 13. Bc3 Qa4+ 14. b3 Qa5
15. Bxh8 Nf6 16. Bxf6 exf6 17. Qf7 Be7 18. Qg8+ Kc7 19. Qxh7 Bd6 20. Qh5 Nxa2
21. Ne2 Nc3+ 22. Nxc3 Qxc3 23. Qe8 Qxa1+ 24. Ke2 Qa2+ 25. Kd3 Qxb3+ 26. Kd2 Bf4+
27. Ke2 Qxc4+ 28. Kf3 Qa4 29. Kxf4 Bb7 30. Qg6 Rf8 31. f3 f5 32. Qg7 Re8 33.
Kxf5 Qd4 34. Qf7 Qe5+ 35. Kg4 Qe6+ 36. Qxe6 Rxe6 37. Bc4 Rg6+ 38. Kf5 Rxg2 39.
Ra1 Kb8 40. Rd1 Bc8 41. Rb1+ Kc7 42. h4 d5+ 43. Kf4 dxc4 44. Rc1 Ba6 45. Ra1 Kb7
46. Rb1+ Ka8 47. e5 Rf2 48. e6 Bc8 49. e7 Re2 50. Rc1 Ba6 51. h5 Rxe7 52. Kg5
Re5+ 53. Kg6 Bb7 54. f4 Be4+ 55. Kh6 Re6+ 56. Kg5 Bd3 57. h6 1-0

[Event "Challenge"]
[Site "http://www.queenalice.com/game.php?id=883636"]
[Date "2011.1.9"]
[Round "-"]
[White "ulisses67"]
[Black "Talia"]
[Result "1-0"]
[WhiteElo "1211"]
[BlackElo "1398"]

1. d4 Nf6 2. f3 Nc6 3. e4 g5 4. e5 Nd5 5. Bc4 Nb6 6. Bb5 d5 7. Bxg5 Rg8 8. Bh4
Rxg2 9. Qd3 Qd7 10. Bg3 Qe6 11. Qxh7 1-0

[Event "Challenge"]
[Site "http://www.queenalice.com/game.php?id=887576"]
[Date "2011.1.18"]
[Round "-"]
[White "jamba"]
[Black "Talia"]
[Result "1-0"]
[WhiteElo "1549"]
[BlackElo "1429"]

1. d4 d5 2. e3 Nf6 3. Bd3 c5 4. dxc5 Na6 5. a3 Nxc5 6. Bb5+ Nfd7 7. Qxd5 Qb6 8.
Nc3 e6 9. Qf3 a6 10. Bc4 Ne5 11. Qf4 Nxc4 12. Qxc4 Qa5 13. b4 Qb6 14. bxc5 1-0

[Event "Challenge"]
[Site "http://www.queenalice.com/game.php?id=894284"]
[Date "2011.2.1"]
[Round "-"]
[White "Petrucio"]
[Black "Talia"]
[Result "1-0"]
[WhiteElo "1441"]
[BlackElo "1286"]

1. f4 Nh6 2. h3 d5 3. g4 Nc6 4. g5 Nf5 5. h4 g6 6. h5 Bg7 7. hxg6 fxg6 8. Rh3
Qd6 9. c3 Be6 10. Rf3 Nh4 11. Rd3 1-0

[Event "Challenge"]
[Site "http://www.queenalice.com/game.php?id=894525"]
[Date "2011.2.2"]
[Round "-"]
[White "Talia"]
[Black "palergiuseppe"]
[Result "0-1"]
[WhiteElo "1295"]
[BlackElo "1327"]

1. e4 e5 2. c3 Nf6 3. Nf3 Bc5 4. Nxe5 Nxe4 5. Qf3 Bxf2+ 6. Ke2 Ng5 7. Qxf2 Qe7
8. Qf5 O-O 9. d4 d5 10. Bxg5 Bxf5 11. Bxe7 Re8 12. Bb4 Bxb1 13. Rxb1 Na6 14. Ba3
c6 15. g4 Nc7 16. h4 Ne6 17. g5 g6 18. b4 Nf4+ 19. Ke1 f5 20. Bc1 Nh5 21. b5 Ng3
22. Rh3 Ne4 23. Nd7 Nxc3+ 0-1

[Event "NV01"]
[Site "http://www.queenalice.com/game.php?id=930523"]
[Date "2011.4.26"]
[Round "-"]
[White "Rankashi"]
[Black "Talia"]
[Result "1/2-1/2"]
[WhiteElo "1332"]
[BlackElo "1275"]

1. e4 e5 2. Nf3 Nf6 3. Nxe5 Nxe4 4. Qf3 Ng5 5. Qb3 Nc6 6. d4 Nxd4 7. Qc4 Nge6 8.
c3 Nc2+ 9. Kd1 Nxa1 10. h4 g6 11. Bg5 Nxg5 12. hxg5 Qxg5 13. Nxf7 d5 14. Qe2+
1/2-1/2